000 00360 a2200169 4500
001 45326
020 _a9788537306413
040 _cAnchieta - Aquarius
100 _aHenn, Gustavo
240 1 0 _aRabo de palha
_lpor
245 1 0 _aRabo de palha
300 _a25
362 0 _a2009
440 1 _aBagaço
650 4 _aLiteratura infanto-juvenil
942 _cBK
999 _c45326
_d45326